000 00457nam a22001817a 4500
003 MPLRDC
005 20220104180353.0
008 210129b ||||| |||| 00| 0 eng d
020 _a983-878-572-5
082 _a859.6 DIS-9
100 _a不详
245 _aWINNIE SI POOH DAN POKOK MADU
_c
260 _a
_bPENERBITAN PELANGI S/B
_c
300 _b
490 _aDISNEY SIRI TIGA MINIT
650 _aSASTERA KANAK-KANAK
942 _cBK
_o859.6 DIS-9
999 _c60887
_d60877